UBT Library

EarthEd : (Record no. 44465)

000 -LEADER
fixed length control field 01076cam a2200301 i 4500
001 - CONTROL NUMBER
control field 19459610
005 - DATE AND TIME OF LATEST TRANSACTION
control field 20180308071329.0
008 - FIXED-LENGTH DATA ELEMENTS--GENERAL INFORMATION
fixed length control field 170123s2017 dcua b 001 0 eng d
010 ## - LIBRARY OF CONGRESS CONTROL NUMBER
LC control number 2017931703
020 ## - INTERNATIONAL STANDARD BOOK NUMBER
International Standard Book Number 1610918428
020 ## - INTERNATIONAL STANDARD BOOK NUMBER
International Standard Book Number 9781610918428
035 ## - SYSTEM CONTROL NUMBER
System control number (OCoLC)ocn962254686
040 ## - CATALOGING SOURCE
Original cataloging agency YDX
Language of cataloging eng
Transcribing agency YDX
Description conventions rda
Modifying agency BTCTA
-- OCLCQ
-- VRU
-- VMI
-- GHS
-- YDX
-- OCLCF
-- KPS
-- TFF
-- GZM
-- IDU
-- IAK
-- FM0
-- EYM
-- TEU
-- EUW
-- DLC
041 ## - LANGUAGE CODE
Language code of text/sound track or separate title eng
042 ## - AUTHENTICATION CODE
Authentication code lccopycat
080 ## - UNIVERSAL DECIMAL CLASSIFICATION NUMBER
Universal Decimal Classification number 363.70071 ASS
082 04 - DEWEY DECIMAL CLASSIFICATION NUMBER
Classification number 363.70071 ASS
Edition number 23
082 04 - DEWEY DECIMAL CLASSIFICATION NUMBER
Edition number 363.70071 ASS
100 ## - Rafti
Rafti 10
101 ## - Shkurtesa
Shkurtesa MJE
245 00 - TITLE STATEMENT
Title EarthEd :
Statement of responsibility, etc Erik Assadourian, project director ; Erik Assadourian and Lisa Mastny, editors.
246 30 - VARYING FORM OF TITLE
Title proper/short title Earth ed :
Remainder of title rethinking education on a changing planet
246 3# - VARYING FORM OF TITLE
Title proper/short title State of the world 2017
504 ## - BIBLIOGRAPHY, ETC. NOTE
Bibliography, etc Includes bibliographical references (pages 313-353) and index.
906 ## - LOCAL DATA ELEMENT F, LDF (RLIN)
a 7
b cbc
c orignew
d 2
e epcn
f 20
g y-gencatlg
942 ## - ADDED ENTRY ELEMENTS (KOHA)
Source of classification or shelving scheme
Item type Books
Holdings
Withdrawn status Lost status Source of classification or shelving scheme Damaged status Not for loan Collection code Permanent location Current location Shelving location Date acquired Total Checkouts Full call number Barcode Date last seen Price effective from Koha item type
          Koleksioni i përgjithshem UBT - Lipjan UBT - Lipjan Koleksioni i përgjithshem 03/08/2018   363.70071 ASS 002-3000863 03/08/2018 03/08/2018 Books
UBT Library © 2015-2024. All rights reserved University Education for Business and Technology